000
00283nam a2200109Ia 4500
008
220204s9999 xx 000 0 und d
082
_a
632.91956
_b
PLA
245
0
_a
Plant protection conference 1956
260
_a
London
_b
Butterworths
_c
1957
650
_a
Plant protection
942
_c
BK
999
_c
19641
_d
19641